000 00585nam a2200241Ia 4500
003 OSt
005 20220912153039.0
006 a|||||r|||| 00| 0
007 ta
008 220909b |||||||| |||| 00| 0 eng d
024 _a23790
037 _cTextual
040 _aCSL
_beng
_cCSL
041 _aeng
082 _aB6y8, G3
100 _aHarison Joseph
245 0 _aPractical geometry and graphics
260 _c1923
300 _ap.
_ccm.
700 _a Baxandall G A
942 _hB6y8, G3
_cTEXL
_2CC
999 _c97151
_d97151